000 01720nam a2200397 i 4500
001 198418
003 ES-MaACL
005 20260601183943.0
007 ta
008 260601s1966 sp a|||| |||| 001 1 spa d
017 _aB 35428-1966
_bOficina Depósito Legal Barcelona
040 _aES-MaACL
_bspa
_cES-MaACL
_erda
080 _a821.161.1-31"19"
100 1 _aSholojov, Mijail Aleksandrovich
_d(1905-1984)
_4aut
_9243180
_eaut
240 1 0 _aTijiï Don.
_lEspañol
_9243181
245 1 0 _aEl Don apacible /
_cMijail Cholojov ; traducción de Francisco J. Alcántara y Domingo Pruna
250 _aPrimera edición
264 1 _aBarcelona :
_bPlaza & Janés,
_c1966
264 4 _c©1966
300 _a1672 páginas :
_bretrato (blanco y negro) ;
_c18 cm
336 _2rdacontent
_aTexto
337 _2rdamedia
_asin mediación
338 _2rdacarrier
_avolumen
490 0 _aLos premios Nobel de literatura ;
_v10
500 _aRegistro provisional
500 _aÍndice
505 0 _aMichael Krämer ; En el torbellino del destino / Gerhart Hauptmann -- El peregrino Camanita / Karl Gjellerup -- Dostoievski / André Gide. Poemas / Salvatore Quasimodo -- Antología poética / Saint-John Perse -- Un puente sobre el Drina ; El lugar maldito / Ivo Andric -- La perla ; El omnibus perdido / John Steinbeck
655 4 _aNovelas de guerra
_9226781
700 1 _aAlcántara, Francisco José,
_d1922-1999
_919493
_4trl
_etrl
700 1 _aPruna, Domingo
_994081
_4trl
_etrl
852 _aES-MaACL
_cDES
_jDB-221
_hDonación: J. Porto
_xEncuadernación cartoné
_9207396
942 _cMONOGRAFIA
_n0
999 _c198418
_d198418